Normal view
MARC view
- Well- being-- Japan. Quality of life
Entry Topical Term
001 - CONTROL NUMBER
- control field: 86937
003 - CONTROL NUMBER IDENTIFIER
- control field: OSt
005 - DATE AND TIME OF LATEST TRANSACTION
- control field: 20251120133541.0
008 - FIXED-LENGTH DATA ELEMENTS
- fixed length control field: 251120|| aca||aabn | a|a d
040 ## - CATALOGING SOURCE
- Original cataloging agency: OSt
- Transcribing agency: OSt
150 ## - HEADING--TOPICAL TERM
- Topical term or geographic name as entry element: Well- being-- Japan. Quality of life
670 ## - SOURCE DATA FOUND
- Source citation: Work cat.: (OSt)49804: Garcia, Hector. 86936, (Khmer) Ikigai / , 2020.